Geografía del Pacífico Sudamericano

محفوظ في:
التفاصيل البيبلوغرافية
المؤلف الرئيسي: Romero, Emilio (مؤلف)
التنسيق: كتاب
اللغة:الإسبانية
منشور في: Ciudad de México Fondo de Cultura Económica 1947
سلاسل:Colección Tierra Firme, 32
الموضوعات:
الوسوم: إضافة وسم
لا توجد وسوم, كن أول من يضع وسما على هذه التسجيلة!

MARC

LEADER 00000nam a2200000 a 4500
001 UCU1905
003 CL-VaPUC
008 960419e19470000MX |||||||||||||||||spa|d
082 0 4 |a 918  |b ROM  |2 21 
100 0 |a Romero, Emilio  |e author  |9 357700 
245 1 0 |a Geografía del Pacífico Sudamericano 
300 |a 194 p 
942 |c BK 
945 |d 19960419 00:00:00  |a cmena 
260 |a Ciudad de México  |b Fondo de Cultura Económica  |c 1947 
650 0 |a Geografía física   |9 259347 
650 7 |a DEMOGRAFIA GEOGRAFICA  |2 CL-VaPUC  |9 317247 
650 0 |a Costumbres y tradiciones   |9 268292 
650 0 |a Geografía económica   |9 267757 
650 0 |a Geografía política  |9 268296 
651 0 |a América del Sur  |9 260128 
651 7 |a OCEANO PACIFICO  |2 CL-VaPUC  |9 262019 
583 |a last modification  |c 19960419 00:00:00  |k Rodrigo Vera 
490 0 |a Colección Tierra Firme, 32 
999 |c 246353  |d 246351